00596nam a22001817a 45000050016000000080041000160200027000570370008000840400018000920820012001101000022001222450084001442600042002282700064002703000029003345000035003637000016003982010040300420.0100403t xxu||||| |||| 00| 0 eng d a9788180695117c1000.00 bPUB adplbEnglish  a338.954 aPalanithurai, G.  aGlobalization:bissues at the grassroots /cby G. Palanithurai [and] R. Ramesh  aNew Delhi bConcept Publishing c2008 aA/15-16, Commercial Block, Mohan GardenbNew Delhi e110059 axviii, 380p. c25cm(Hb)  aIncludes references and index  aRamesh, R.